000 02349 a2200205 4500
001 58611
005 20260407155842.0
008 260407a1953 arg spa d
003 AR-UNSa-BCEJYS
040 _aAR-UNSa-BCEJYS
_bspa
_cAR-UNSa-BCEJYS
080 _a336.22
_xImpuestos
245 1 0 _aEl impuesto a los reditos
250 _a5a.ed.
264 1 _aBuenos Aires :
_bEdiciones Contabilidad Moderna
_c1953
300 _a2v.(530; 520 p.)
_c23 cm.
505 _aVol. I: Primera parte: Sujeto y objeto del impuesto: 1. Concepto del rédito – 2. Renta mínima no imponible y cargas de familia – 3. Compensación de quebrantos y año fiscal – 4. La fuente del rédito – 5. Sujetos y responsables del impuesto – 6. Exenciones – 7. Absentismo – Segunda parte: Réditos de la primera categoría-Rentas del suelo: 8. Réditos imputables a la primera categoría – 9. Deducciones especiales de la primera categoría – Tercera parte: Réditos de la segunda categoría. Renta de valores mobiliarios: 10. Réditos de la segunda categoría – 11. Réditos imputables a la segunda categoría (continuación) – 12. Sistema de retenciones para rentas de valores al portador – Cuarta parte: Réditos de la tercera categoría. Renta del comercio y de la industria: 13. La determinación del rédito en la tercera categoría – 14. La determinación del rédito en la tercera categoría (continuación) – 15. Las deducciones admitidas en la tercera categoría - VoL. II: 16. Las amortizaciones – 17. Fondos de reposición y amortizaciones extraordinarias con fines de reposición – 18. Rebajas de impuesto por incremento de la capacidad productiva – 19. Disposiciones especiales y tratamientos dispensados a ciertas explotaciones – 20. Sociedades de capital – 21. Disposiciones varias referentes a la tercera categoría – Quinta parte: Réditos de la cuarta categoría. Renta del trabajo personal: 22. La determinación del rédito en la cuarta categoría – 23. La retenciones del impuesto en la cuarta categoría – Sexta parte: Disposiciones generales varias: 24. Las deducciones no admitidas y otras disposiciones – 25. Los procedimientos de retención y de información – 26. Declaraciones juradas y tasas del impuesto
942 _cBK
590 _aniveau_biblio:m niveau_hierar:0
100 1 _aLópez, Alberto T.
999 _c6476
_d6476